Luga i︠u︡zhnoĭ chasti Sakhalina.

Bibliographic Details
Main Author: Stepanova, Klavdii︠a︡ Dmitrievna
Format: Book
Language:Russian
Published: Moskva : Izd-vo Akademii nauk SSSR, 1955.
Subjects:

MARC

Tag First Indicator Second Indicator Subfields
LEADER 00000cam a2200000I 4500
001 in00001731821
005 20151024214157.0
008 880422s1955 ru ab b 000 0 rus
010 |a  56035353  
035 |a (OCoLC)ocm17835867 
040 |a DLC  |c WAU  |d WAU  |d TXA  |d UtOrBLW 
043 |a e-ur--- 
049 |a TXAM 
050 0 0 |a QK938.M4  |b S8 
100 1 |a Stepanova, Klavdii︠a︡ Dmitrievna. 
245 1 0 |a Luga i︠u︡zhnoĭ chasti Sakhalina. 
264 1 |a Moskva :  |b Izd-vo Akademii nauk SSSR,  |c 1955. 
300 |a 133 pages :  |b illustrations, maps (1 folded) ;  |c 26 cm. 
336 |a text  |b txt  |2 rdacontent 
337 |a unmediated  |b n  |2 rdamedia 
338 |a volume  |b nc  |2 rdacarrier 
500 |a At head of title: Akademii︠a︡ nauk SSSR. Sakhalinskiĭ filial. 
500 |a Errata slip inserted. 
504 |a Bibliography: pages [130]-131. 
650 0 |a Meadows  |z Soviet Union  |z Sakhalin. 
650 0 |a Botany  |z Soviet Union  |z Sakhalin. 
948 |a cataloged  |b h  |c 2003/3/3  |d c  |e spoltoratski  |f 11:38:36 am 
994 |a E0  |b TXA 
999 |a MARS 
999 f f |s 8b3465b8-26f3-37f4-ab2b-f1a0f2070c53  |i 522b2008-00e0-3b5d-a12d-0907850473c4  |t 0 
952 f f |p ric  |a Texas A&M University  |b Rellis Campus  |c Joint Library Facility  |d Remote Storage  |t 0  |e QK938.M4 S8  |h Library of Congress classification  |i unmediated -- volume  |m A14829830584 
998 f f |a QK938.M4 S8  |t 0  |l Remote Storage